Crofting areas consultation (Record no. 79813)

MARC details
000 -LEADER
fixed length control field 01115cad a22002055a 4500
001 - CONTROL NUMBER
control field E142430
008 - FIXED-LENGTH DATA ELEMENTS--GENERAL INFORMATION
fixed length control field 08013 e20080211stk f s000 0 eng d
035 ## - SYSTEM CONTROL NUMBER
System control number (Sirsi) u142430
041 0# - LANGUAGE CODE
Language code of text/sound track or separate title eng
110 1# - MAIN ENTRY--CORPORATE NAME
Corporate name or jurisdiction name as entry element Scotland
Subordinate unit Scottish Government
9 (RLIN) 5344
245 00 - TITLE STATEMENT
Title Crofting areas consultation
Medium [electronic resource]
260 ## - PUBLICATION, DISTRIBUTION, ETC.
Date of publication, distribution, etc. 2008
490 #0 - SERIES STATEMENT
Series statement Scottish Government News Release
Volume/sequential designation 11 February 2008
520 ## - SUMMARY, ETC.
Summary, etc. Announces that Scottish Government officials will host two public meetings to discuss the possible extension of crofting tenure which form part of the public consultation on proposals to extend crofting tenure to include the islands of Arran and Cumbrae and the remaining parts of the Highlands and Islands not currently designated. The meetings will be held in Grantown-on-Spey on February 19, and on Arran, on March 10.
590 ## - LOCAL NOTE (RLIN)
Local note KA
651 #4 - SUBJECT ADDED ENTRY--GEOGRAPHIC NAME
Geographic name Scotland
Chronological subdivision 1999-
690 ## - LOCAL SUBJECT ADDED ENTRY--TOPICAL TERM (OCLC, RLIN)
Topical term or geographic name as entry element PROPERTY-RURAL AND NATURAL ASSETS-AGRICULTURAL PROPERTY-AGRICULTURAL LAND
856 41 - ELECTRONIC LOCATION AND ACCESS
Uniform Resource Identifier <a href="https://www.scotland.gov.uk/News/Releases/2008/02/11164514">https://www.scotland.gov.uk/News/Releases/2008/02/11164514</a>
Public note View the item free of charge at www.scotland.gov.uk...
942 ## - ADDED ENTRY ELEMENTS (KOHA)
Suppress in OPAC 0
Holdings
Withdrawn status Lost status Source of classification or shelving scheme Damaged status Not for loan Home library Current library Shelving location Date acquired Total Checkouts Full call number Barcode Date last seen Copy number Price effective from Koha item type
    Dewey Decimal Classification     Virtual Virtual Online 13/02/2008   ONLINE PUBLICATION 142430-2001 06/08/2019 1 06/08/2019 Journal article